00432nam a2200181Ia 4500003000900000008004100009040001300050040001300063041000800076100002000084245008300104250000900187260001800196260000900214300001100223300001000234490000600244IT-RoPAU120407s9999 xx 000 0 und d aIT-RoPAU cIT-RoPAU aita aErnesto Olivero aDomande difficili. La fede, la morte, il senso della vita, Gesù... 2a ed. aRoma aCittà Nuova c1981 a213 p. c20 cm v1